| 000 | 00586nam a2200217Ii 4500 | ||
|---|---|---|---|
| 003 | JO-AjNU | ||
| 008 | 230606s9999||||xx |||||||||||||| ||und|| | ||
| 020 | _a0-596-10152-X | ||
| 040 |
_aJO-AjNU _beng _erda _cJO-AjNU |
||
| 041 | _aeng | ||
| 050 | 1 | 4 | _aQA76.73.B3.V5694.2006 |
| 100 | 3 |
_aRoman,Steven/Patric.tim, _eauthor _91003 |
|
| 245 | 0 | 0 | _aVisual Basic 2005 |
| 250 | _a3 ed | ||
| 264 | 3 | 1 | _aOREILLY:CAMBRIDGE,2006 |
| 300 | _a743p | ||
| 336 |
_atext _btxt _2rdacontent |
||
| 337 |
_aunmediated _bn _2rdamedia |
||
| 338 |
_avolume _bnc _2rdacarrier |
||
| 650 | 4 |
_aVisual Basic _91004 |
|
| 999 |
_aE527 _c527 _d527 |
||